|
|
|
|
| LEADER |
00000nam0a2200000 4500 |
| 001 |
123707 |
| 005 |
20231031130617.0 |
| 020 |
|
|
|a RU
|b 87-89664
|
| 035 |
|
|
|a (RuTPU)RU\TPU\book\133895
|
| 035 |
|
|
|a RU\TPU\book\133894
|
| 090 |
|
|
|a 123707
|
| 100 |
|
|
|a 20071023d1987 km y0rusy5003 ca
|
| 101 |
0 |
|
|a rus
|
| 102 |
|
|
|a RU
|
| 105 |
|
|
|a a z 001zy
|
| 200 |
1 |
|
|a Листоштамповочные комплексы для серийного и мелкосерийного производства
|f О. Н. Герасименко, А. Х. Тлибеков
|
| 210 |
|
|
|a Москва
|c Машиностроение
|d 1987
|
| 215 |
|
|
|a 125,[3] с.
|c ил.
|
| 320 |
|
|
|a Библиогр.: с. 127 (18 назв.).
|
| 610 |
1 |
|
|a штампы-автоматы
|
| 610 |
1 |
|
|a штамповка металлов листовая
|
| 610 |
1 |
|
|a автоматизация
|
| 610 |
1 |
|
|a автоматизация
|
| 610 |
1 |
|
|a мелкосерийное производство
|
| 610 |
1 |
|
|a листоштамповочные цехи
|
| 675 |
|
|
|a 621.983.01
|z rus
|
| 700 |
|
1 |
|a Герасименко
|b О. Н.
|g Олег Николаевич
|4 070
|
| 701 |
|
1 |
|a Тлибеков
|b А. Х.
|g Алексей Хабиевич
|4 070
|
| 801 |
|
0 |
|a RU
|b RuMRKP
|c 19950417
|g psbo
|
| 801 |
|
1 |
|a RU
|b 63413507
|c 20071023
|g PSBO
|
| 801 |
|
2 |
|a RU
|b 63413507
|c 20080924
|g PSBO
|
| 942 |
|
|
|c BK
|